Bioshock quotes - Statistics

General Stats
  • This quiz has been taken 31 times
  • The average score is 5 of 13
Answer Stats
Hint Answer % Correct
"Would you _____?" Kindly
96%
"A man chooses, _____." A slave obeys
78%
"I chose more. I chose the impossible. _____." I chose Rapture
65%
"No gods or kings, _____." Only man
65%
"No, says the man in the Vatican, _____." It belongs to God
57%
"No, says the man in Moscow, _____." It belongs to everyone
43%
"No, says the man in Washington, _____." It belongs to the poor
30%
"It wasn't impossible to build Rapture at the bottom of the sea _____." It was impossible to build it anywhere else
30%
"Seduce the ear and _____." Delight the spirit
13%
"We all make choices, but in the end _____." Our choices make us
13%
"You came to rob what you could never build. A hun, _____." Gaping at the gates of Rome
9%
"You're not a man. You're just a _____." Termite at Versailles
4%
"Even in the book of lies, _____." Sometimes you find truth
0%
No matching quizzes found
Score Distribution
Percent of People with Each Score
Percentile by Number Answered
Your Score History
You have not taken this quiz